000
00345pam a2200157a 44500
008
230515b1900 xxu||||| |||| 00| 0 eng d
020
_a
NULL
041
_a
ENGLISH
082
_a
JOY
100
_a
JOYCE BROWN
245
_a
PIONEER OF INDIAN IRRIGATION
250
_a
NULL
260
_a
PUNE
_b
N/A
_c
1900
300
_a
89- PB
650
_a
NULL
999
_c
661951
_d
661951